| 000 | 01409cam a22003254a 4500 | ||
|---|---|---|---|
| 999 |
_c331733 _d331733 |
||
| 001 | 13625034 | ||
| 003 | NUST | ||
| 005 | 20180117090032.0 | ||
| 008 | 040616s2005 dcu b 001 0 eng | ||
| 010 | _a 2004014282 | ||
| 020 | _a1591470927 | ||
| 040 |
_aDLC _cDLC _dDLC |
||
| 042 | _apcc | ||
| 050 | 0 | 0 |
_aRJ504 _b.P75 2005 |
| 082 | 0 | 0 |
_a618.92/8914 _222 |
| 245 | 0 | 0 |
_aPsychosocial treatments for child and adolescent disorders : _bempirically based strategies for clinical practice / _cedited by Euthymia D. Hibbs and Peter S. Jensen. |
| 250 | _a2nd ed. | ||
| 260 |
_aWashington, DC : _bAmerican Psychological Association, _cc2005. |
||
| 300 |
_axv, 839 p. ; _c27 cm. |
||
| 504 | _aIncludes bibliographical references and index. | ||
| 650 | 0 |
_aChild psychotherapy. _94089 |
|
| 650 | 0 |
_aAdolescent psychotherapy. _95546 |
|
| 700 | 1 |
_aHibbs, Euthymia D. _95549 |
|
| 700 | 1 |
_aJensen, Peter S., _d1949- _95550 |
|
| 856 | 4 | 1 |
_3Table of contents _uhttp://www.loc.gov/catdir/toc/ecip0419/2004014282.html |
| 906 |
_a7 _bcbc _corignew _d1 _eecip _f20 _gy-gencatlg |
||
| 942 |
_2ddc _cBK |
||